logo

Bir Sreshtho Munshi Abdur Rouf Library
Jhenaidah Cadet College

বাহারীস্তান-ই-গায়বী / (Record no. 12357)

MARC details
000 -LEADER
fixed length control field 01020nam a2200265 a 4500
001 - CONTROL NUMBER
JCCL Control Number 12357
003 - CONTROL NUMBER IDENTIFIER
JCCL marc code BD-JhCC
005 - DATE AND TIME OF LATEST TRANSACTION
control field 20211106101743.0
008 - FIXED-LENGTH DATA ELEMENTS--GENERAL INFORMATION
fixed length control field 210601s2021 bg |||| |||| 00| 0 ben d
020 ## - INTERNATIONAL STANDARD BOOK NUMBER
International Standard Book Number 9789847118467
035 ## - SYSTEM CONTROL NUMBER
system control number (BD-JhCC)12357
040 ## - CATALOGING SOURCE
Original cataloging agency BD-JhCC
Modifying agency BD-JhCC
041 ## - LANGUAGE CODE
Language code of Book Bengla
082 ## - DEWEY DECIMAL CLASSIFICATION NUMBER
Classification number 954.0256
Author mark and Year NAT 2021
100 ## - MAIN ENTRY--PERSONAL NAME
Personal name নাথান, মির্জা
245 ## - TITLE STATEMENT
Title বাহারীস্তান-ই-গায়বী /
Statement of responsibility, etc মির্জা নাথান, ড. এম. আই বোরা এবং খালেকদাদ চৌধুরী
260 ## - PUBLICATION, DISTRIBUTION, ETC. (IMPRINT)
Place of publication, distribution, etc ঢাকা :
Name of publisher, distributor, etc আকাশ,
Date of publication, distribution, etc ২০২১।
300 ## - PHYSICAL DESCRIPTION
Pagination ৬১৬ পৃ. :
Dimensions ২১ সেমি.
504 ## - BIBLIOGRAPHY, ETC. NOTE
Bibliography, etc গ্রন্থপঞ্জি অর্ন্তভূক্ত।
600 ## - SUBJECT ADDED ENTRY--PERSONAL NAME
Personal name Jahangir,
Dates associated with a name 1569-1627
Title of a work Emperor of Hindustan
650 ## - SUBJECT ADDED ENTRY--TOPICAL TERM
Topical term or geographic name as entry element Mogul Empire
Geographic subdivision India
700 ## - ADDED ENTRY--PERSONAL NAME
Personal name বোরা, ড. এম. আই
700 ## - ADDED ENTRY--PERSONAL NAME
Personal name চৌধুরী, খালেকদাদ
942 ## - ADDED ENTRY ELEMENTS (KOHA)
Source of classification or shelving scheme Dewey Decimal Classification
Koha item type Books
Holdings
Source of classification or shelving scheme Damaged status Not for loan Home library Current library Shelving location Date of accession Cost, normal purchase price Total Checkouts Full call number Barcode Date last seen Copy number Koha item type
Dewey Decimal Classification     JCC Rouf Library JCC Rouf Library General Stacks 06/01/2021 616.00   954.0256 NAT 2021 16659 11/06/2021 C-1 Books

JCC Library | Contacts | JCC Home

Last Update on 23 September 2017
Copyright @ 2017-2020 JCC Rouf Library
Rouf Library, Jhenidah Cadet College (JCC), Bangladesh